000 00423cam a2200169ua 4500
020 _c2.00
041 _amal
_h
082 _a894.8124
_bSUB/VA
100 _aSubhadra, Parameswaran .
245 _aVanithalokam /
_cSubhadra Parameshwaran.
_hTextual Documents
260 _aErnakulam :
_bThilakam Publications ,
_c1959.
300 _a144 ; .
365 _a2.00
504 _a
942 _cBK
999 _c5920
_d5920